A MERICO COMPONENTS ZRT. VAGYONI; PÉNZÜGYI; JÖVEDELMEZŐSÉGI HELYZETÉNEK ELEMZÉSE BESZÁMOLÓI ALAPJÁN

Bibliographic Details
Main Author: Batbold Enkhmend
Other Authors: Bán Erika
Format: Thesis
Kulcsszavak:számvitel
elemzés
pénzügyi helyzet
Online Access:http://dolgozattar.uni-bge.hu/14506

MARC

LEADER 00000nta a2200000 i 4500
001 dolg14506
005 20171218085055.0
008 171218suuuu hu om 000 hun d
040 |a BGE Dolgozattár Repozitórium  |b hun 
041 |a hu 
100 1 |a Batbold Enkhmend 
245 1 2 |a A MERICO COMPONENTS ZRT. VAGYONI; PÉNZÜGYI; JÖVEDELMEZŐSÉGI HELYZETÉNEK ELEMZÉSE BESZÁMOLÓI ALAPJÁN  |c Batbold Enkhmend  |h [elektronikus dokumentum] 
246 1 1 |a A MERICO COMPONENTS ZRT. VAGYONI; PÉNZÜGYI; JÖVEDELMEZŐSÉGI HELYZETÉNEK ELEMZÉSE BESZÁMOLÓI ALAPJÁN 
695 |a számvitel 
695 |a elemzés 
695 |a pénzügyi helyzet 
700 1 |a Bán Erika  |e ths 
856 4 0 |u http://dolgozattar.uni-bge.hu/14506/1/Batbold%20Enkhmend%20OC16HV%20Szakdolgozat%202017-18%20I.%20f%C3%A9l%C3%A9v-R.pdf  |z Dokumentum-elérés 
856 4 0 |u http://dolgozattar.uni-bge.hu/14506/2/Batbold%20Enkhmend%20OC16HV%20Titkos%C3%ADt%C3%A1si%20k%C3%A9relem%202017-18%20I.%20f%C3%A9l%C3%A9v-R.pdf  |z Dokumentum-elérés